000 00581nam a22002057a 4500
005 20251108165039.0
008 250721s1984 xx 000 0 ara d
082 1 4 _a364.15/هرو
100 1 _aهروود، بيرنهارت ج
245 1 0 _aالتعذيب عبر العصور /
264 1 _aاللاذقية :
_bدار الحوار،
_c1984.
300 _a208ص
650 1 7 _aالجريمة
650 1 7 _aالمجرمون
650 1 7 _aالتعذيب
650 1 7 _aالتاريخ
700 1 _aعدوان، ممدوح
_eترجمة
942 _2ddc
_cBK
999 _c20799
_d20799